| 000 | 00493nam a22001937a 4500 | ||
|---|---|---|---|
| 003 | CEME | ||
| 005 | 20210628205449.0 | ||
| 008 | 210304b xxu||||| |||| 00| 0 eng d | ||
| 020 | _a0-673-46176-9 | ||
| 040 | _c. | ||
| 082 | _a510 POR'B | ||
| 100 |
_aErnst, John F Porter, Stuart R _975679 |
||
| 245 | _aBasic technical mathematics with calculus | ||
| 250 | _a2ND | ||
| 260 |
_aNEWYORK _bHARPER COLLINS _c1995 |
||
| 300 | _aXXI, 1317P | ||
| 650 |
_aMATHEMTICS _975680 |
||
| 942 |
_cBK _2ddc |
||
| 999 |
_c581071 _d581071 |
||